Propuesta de portal web para ofrecer diversos cursos
Presenta una propuesta de página web para ofrecer diversos cursos ya que hoy en día la tecnología ayuda a facilitar el acceso a la información mediante diferentes portales que hace que los usuarios puedan desde sus casas o sus centros de trabajo organizarse para realizar sus estudios.
| Main Authors: | , |
|---|---|
| Other Authors: | |
| Format: | Tesis Section = Libro |
| Language: | Undetermined Spanish |
| Published: |
Managua
UNI
2011
|
| Subjects: |
| LEADER | 01069nam a2200265Ia 4500 | ||
|---|---|---|---|
| 008 | 240830s9999 xx 000 0 und d | ||
| 040 | |a BIBLIOTECA-RUSB/ T.Mon 005.74 G643 | ||
| 041 | |a spa | ||
| 082 | |a T.Mon 005.74 G643 | ||
| 100 | 1 | |a González Sánchez, José de Jesús | |
| 100 | 1 | |b Bellorin Moreno, Mario Roberto | |
| 245 | 1 | 0 | |a Propuesta de portal web para ofrecer diversos cursos |
| 260 | |a Managua |b UNI |c 2011 | ||
| 300 | |a 27 p. :il. | ||
| 502 | |a Tesis (Ingeniero en Computación) - UNI, 2011. | ||
| 520 | 3 | |a Presenta una propuesta de página web para ofrecer diversos cursos ya que hoy en día la tecnología ayuda a facilitar el acceso a la información mediante diferentes portales que hace que los usuarios puedan desde sus casas o sus centros de trabajo organizarse para realizar sus estudios. | |
| 650 | 7 | |a SITIO WEB | |
| 650 | 7 | |b PAGINA WEB | |
| 650 | 7 | |c AUTOMATIZACION | |
| 650 | 7 | |d BASES DE DATOS | |
| 650 | 7 | |e INTERFAZ DE USUARIOS | |
| 700 | 1 | |a Tutor: |b Nororí Paguaga, Verónica | |
| 942 | |c BK |2 ddc | ||
| 991 | |a TESIS | ||
| 999 | |c 21607 | ||